PHYSICAL PHARMACY (Record no. 7111)
[ view plain ]
| 000 -LEADER | |
|---|---|
| fixed length control field | 00298nam a2200133Ia 4500 |
| 008 - FIXED-LENGTH DATA ELEMENTS--GENERAL INFORMATION | |
| fixed length control field | 150301s2015 xx 000 0 und d |
| 082 ## - DEWEY DECIMAL CLASSIFICATION NUMBER | |
| Classification number | 615.4 |
| Item number | P14A |
| 100 ## - MAIN ENTRY--PERSONAL NAME | |
| Personal name | AGARWAL , S.P |
| 245 ## - TITLE STATEMENT | |
| Title | PHYSICAL PHARMACY |
| 260 ## - PUBLICATION, DISTRIBUTION, ETC. (IMPRINT) | |
| Name of publisher, distributor, etc. | CBS- DELHI |
| 300 ## - PHYSICAL DESCRIPTION | |
| Extent | 330 |
| 650 ## - SUBJECT ADDED ENTRY--TOPICAL TERM | |
| Topical term or geographic name as entry element | PHARMACY |
| 942 ## - ADDED ENTRY ELEMENTS (KOHA) | |
| Source of classification or shelving scheme | Dewey Decimal Classification |
| Koha item type | Books |
| Koha issues (borrowed), all copies | 18 |
| Withdrawn status | Lost status | Source of classification or shelving scheme | Damaged status | Not for loan | Collection code | Home library | Current library | Date acquired | Source of acquisition | Cost, normal purchase price | SGTU | Bill Number | Total Checkouts | Full call number | Barcode | Date last seen | Date last checked out | Bill Date | Koha item type | Total Renewals |
|---|---|---|---|---|---|---|---|---|---|---|---|---|---|---|---|---|---|---|---|---|
| Dewey Decimal Classification | PHARMACY | SGT FA-FP Library | SGT FA-FP Library | 02/07/2015 | ABC DELHI | 340.00 | SGTU | 492 | 28 | 615.4 P14A | FP406 | 20/09/2025 | 20/09/2025 | 24/11/2014 | Books | |||||
| Dewey Decimal Classification | PHARMACY | SGT FA-FP Library | SGT FA-FP Library | 02/07/2015 | ABC DELHI | 340.00 | SGTU | 492 | 13 | 615.4 P14A | FP407 | 08/05/2025 | 08/05/2025 | 24/11/2014 | Books | |||||
| Dewey Decimal Classification | PHARMACY | SGT FA-FP Library | SGT FA-FP Library | 02/07/2015 | ABC DELHI | 340.00 | SGTU | 492 | 13 | 615.4 P14A | FP408 | 23/12/2022 | 20/12/2022 | 24/11/2014 | Books | 1 | ||||
| Dewey Decimal Classification | PHARMACY | SGT FA-FP Library | SGT FA-FP Library | 02/07/2015 | ABC DELHI | 340.00 | SGTU | 492 | 15 | 615.4 P14A | FP409 | 16/10/2023 | 09/10/2023 | 24/11/2014 | Books | |||||
| Dewey Decimal Classification | PHARMACY | SGT FA-FP Library | SGT FA-FP Library | 02/07/2015 | ABC DELHI | 340.00 | SGTU | 492 | 16 | 615.4 P14A | FP410 | 07/11/2023 | 30/10/2023 | 24/11/2014 | Books |